00699nam a2200241 a 4500001001300000003000900013005001700022008004100039020002300080082001800103100001900121245002600140260004300166300000900209500003500218505001200253650002000265700001900285902000800304942000700312952012100319999001700440nice12345678IN_TiNIC20260116014926.0100923s1986 lona grp 000 0 eng  a023251657X c40000a152.1824bAUT aAutton, Norman aPainb An Exploration aLondon bDarton, Longman & Todd c1986 a145p aincludes index and biblioraphy2 aIndices aPain-Psychology1 aAutton, Norman bSRS cBK 001040708StackRoom-aHMIbHMId2010-09-23g400.00l0o152.1824 AUTp11002230r2010-09-23v400.00w2010-09-23yBK c17573d17573